Szczegóły MARC21

Biblia a kultura Europy : 2000 lat chrześcijaństwa. 2 /

003 -Nazwa inst., której nr kontr. jest w polu 001 [,]
    • @
    • Nazwa instytucji, której n kontrolny jest w polu 001
    • NUKAT
005 -DATA I CZAS OSTATNIEJ MODYFIKACJI [,]
    • @
    • pole kontrolne
    • 20241231100721.0
020 -Międzynarod. znormalizowany nr książki - ISBN [ , ]
    • a
    • Numer ISBN
    • 8370166377 Find
020 -Międzynarod. znormalizowany nr książki - ISBN [ , ]
    • a
    • Numer ISBN
    • 8370166393 Find
040 -Instytucja sporządzająca opis [ , ]
    • a
    • Instytucja, która sporządziła opis (NP)
    • LUBL M/IK
    • c
    • Instytucja, która sporządziła rekord (NP)
    • LUBL M/IK
    • d
    • Instytucja, która zmodyfikowała rekord (P)
    • LUBL M/JD
    • d
    • Instytucja, która zmodyfikowała rekord (P)
    • POZN U/BOs
    • d
    • Instytucja, która zmodyfikowała rekord (P)
    • KAT U/MBs
041 -Język dokumentu [0, ]
    • a
    • Język tekstu (P)
    • polski
    • a
    • Język tekstu (P)
    • francuski
    • a
    • Język tekstu (P)
    • rosyjski
    • b
    • Język streszczeń lub abstraktu (P)
    • angielski
    • b
    • Język streszczeń lub abstraktu (P)
    • francuski
    • b
    • Język streszczeń lub abstraktu (P)
    • rosyjski
942 -Rodzaj dokumentu [ , ]
    • c
    • Rodzaj dokumentu
    • Książka
111 -Hasło główne - nazwa imprezy [2, ]
    • a
    • Nazwa imprezy (NP)
    • Biblia a Kultura Europy Find
    • d
    • Data imprezy (NP)
    • (1992 ;
    • c
    • Miejsce imprezy (NP)
    • Łódź).
    • 9
    • KHW
    • 430885
245 -Strefa tytułu i oznaczenia odpowiedzialności [1,0]
    • a
    • Tytuł
    • Biblia a kultura Europy : Find
    • b
    • Ciąg dalszy tytułu (NP)
    • 2000 lat chrześcijaństwa. Find
    • n
    • Oznaczenie części (P)
    • 2 /
    • c
    • Pozostałe elementy strefy tytułu i oznaczenia odpowiedzialności (NP)
    • [red.: Maria Kamińska, Eliza Małek].
246 -Wariant tytułu [1,5]
    • a
    • Tytuł (NP)
    • Bible à la culture de l'Europe
260 -Strefa adresu wydawniczego [ , ]
    • a
    • Miejsce wydania (P)
    • Łodź :
    • b
    • Nazwa wydawcy (P)
    • Wydaw. Uniwersytetu Łódzkiego,
    • c
    • Data wydania (P)
    • 1992.
300 -Strefa opisu fizycznego [ , ]
    • a
    • Określenie formy książki i/lub objętość (NP)
    • 313, [2] s., [24] s. tabl., [12] k. tabl. kolor., [1] k. tabl. złoż. luz. :
    • b
    • Oznaczenie ilustracji (NP)
    • il. ;
    • c
    • Format (NP)
    • 24 cm.
336 -Typ zawartości [ , ]
    • a
    • Termin opisujący typ zawartości
    • Tekst
    • b
    • Kod określający zawartość
    • txt
    • 2
    • Źródło (terminu i kodu)
    • rdacontent
337 -Typ mediów [ , ]
    • a
    • Tryb odtwarzania
    • Bez urządzenia pośredniczącego
    • b
    • Kod typu mediów
    • n
    • 2
    • Źródło (terminu i kodu)
    • rdamedia
338 -Typ/rodzaj nośnika [ , ]
    • a
    • Hasło opisujące typ nośnika
    • Wolumin
    • b
    • Kod typu nośnika
    • nc
    • 2
    • Źródło (terminu i kodu)
    • rdacarrier
500 -Uwaga ogólna [ , ]
    • a
    • Uwaga ogólna (NP)
    • Materiały z konferencji, maj 1992 r.
546 -Uwaga dot. języka [ , ]
    • a
    • Uwaga dot. języka
    • Tekst częśc. fr., ros.
546 -Uwaga dot. języka [ , ]
    • a
    • Uwaga dot. języka
    • Streszcz. ang., fr., ros.
080 -Uniwersalna Klasyfikacja Dziesiętna [ , ]
    • a
    • Symbol klasyfikacji
    • 22(4)
080 -Uniwersalna Klasyfikacja Dziesiętna [ , ]
    • a
    • Symbol klasyfikacji
    • :930.85(4)
630 -Hasło przedmiotowe w formie tytułu ujednoliconego [0,7]
    • a
    • Tytuł ujednolicony
    • Biblia
    • x
    • Określnik rzeczowy
    • tłumaczenie
    • x
    • Określnik rzeczowy
    • historia
    • v
    • Określnik formalny
    • konferencje.
    • 2
    • Źródło terminu
    • kaba
    • 9
    • KHW
    • 430785
630 -Hasło przedmiotowe w formie tytułu ujednoliconego [0,7]
    • a
    • Tytuł ujednolicony
    • Biblia
    • x
    • Określnik rzeczowy
    • wpływ
    • v
    • Określnik formalny
    • konferencje.
    • 2
    • Źródło terminu
    • kaba
    • 9
    • KHW
    • 430787
630 -Hasło przedmiotowe w formie tytułu ujednoliconego [0,7]
    • a
    • Tytuł ujednolicony
    • Biblia
    • x
    • Określnik rzeczowy
    • w literaturze
    • v
    • Określnik formalny
    • konferencje.
    • 2
    • Źródło terminu
    • kaba
    • 9
    • KHW
    • 356571
650 -Hasło przedmiotowe [ ,7]
    • a
    • Hasło przedmiotowe
    • Chrześcijaństwo i kultura
    • v
    • Określnik formalny
    • konferencje.
    • 2
    • Źródło terminu
    • kaba
    • 9
    • KHW
    • 357003
651 -Hasło przedmiotowe w formie nazwy geograficznej [ ,7]
    • a
    • Nazwa geograficzna
    • Europa
    • x
    • Określnik rzeczowy
    • cywilizacja
    • x
    • Określnik rzeczowy
    • aspekt religijny
    • x
    • Określnik rzeczowy
    • chrześcijaństwo
    • v
    • Określnik formalny
    • konferencje.
    • 2
    • Źródło terminu
    • kaba
    • 9
    • KHW
    • 430786
651 -Hasło przedmiotowe w formie nazwy geograficznej [ ,7]
    • a
    • Nazwa geograficzna
    • Europa
    • x
    • Określnik rzeczowy
    • cywilizacja
    • x
    • Określnik rzeczowy
    • wpływ chrześcijański
    • v
    • Określnik formalny
    • konferencje.
    • 2
    • Źródło terminu
    • kaba
    • 9
    • KHW
    • 508487
980 -Symbol UKD [ , ]
    • a
    • UKD
    • 22(4):930.85(4)
700 -Hasło dodatkowe - nazwa osobowa [1, ]
    • a
    • Nazwa osobowa (NP)
    • Kamińska, Maria Find
    • d
    • Daty biograficzne (NP)
    • (1930-2011).
    • e
    • Określenie rodzaju współpracy
    • Red.
    • 9
    • KHW
    • 239326
700 -Hasło dodatkowe - nazwa osobowa [1, ]
    • a
    • Nazwa osobowa (NP)
    • Małek, Eliza Find
    • d
    • Daty biograficzne (NP)
    • (1945- ).
    • e
    • Określenie rodzaju współpracy
    • Red.
    • 9
    • KHW
    • 26067
710 -Hasło dodatkowe - nazwa ciała zbiorowego [2, ]
    • a
    • Nazwa ciała zbiorowego lub nazwa geograficzna jako pierwszy element (NP)
    • Uniwersytet Łódzki.
    • b
    • Nazwa jednostki podrzędnej (P)
    • Wydawnictwo.
    • 4
    • Kod relacji
    • pbl
    • 9
    • KHW
    • 52189
920 -ISBN [ , ]
    • a
    • ISBN
    • 83-7016-637-7 Find
920 -ISBN [ , ]
    • a
    • ISBN
    • 83-7016-639-3 Find
Data inwentaryzacji Lokalizacja Numer tomu Status udost. Numer inwentarzowy Sygnatura
1995-10-03BG[Tom] II-3Z.84738Z.84737
1995-10-03BM[Tom] II1P.11494 
 BM[Tom] II1P.11759 
1995-10-03BNS[Tom] II1F.25115